<?xml version="1.0" encoding="UTF-8"?>
<record
    xmlns:xsi="http://www.w3.org/2001/XMLSchema-instance"
    xsi:schemaLocation="http://www.loc.gov/MARC21/slim http://www.loc.gov/standards/marcxml/schema/MARC21slim.xsd"
    xmlns="http://www.loc.gov/MARC21/slim">

  <leader>01805nas a2200277Ia 4500</leader>
  <controlfield tag="001">R050-S6264</controlfield>
  <controlfield tag="003">IT-CnALBA</controlfield>
  <controlfield tag="008">170116c99999999xx ||||||||||||   ||und||</controlfield>
  <datafield tag="040" ind1=" " ind2=" ">
    <subfield code="a">IT-CnALBA</subfield>
    <subfield code="c">IT-CnALBA</subfield>
  </datafield>
  <datafield tag="041" ind1=" " ind2=" ">
    <subfield code="a">ITALIANO</subfield>
  </datafield>
  <datafield tag="100" ind1=" " ind2=" ">
    <subfield code="a">RIZZOLO ANTONIO, SSP.</subfield>
  </datafield>
  <datafield tag="210" ind1=" " ind2=" ">
    <subfield code="a">LETTURE</subfield>
  </datafield>
  <datafield tag="222" ind1=" " ind2=" ">
    <subfield code="a">LETTURE</subfield>
  </datafield>
  <datafield tag="245" ind1=" " ind2="0">
    <subfield code="a">LETTURE. INFORMAZIONE LETTERATURA SPETTACOLO. MARZO 2003. </subfield>
  </datafield>
  <datafield tag="250" ind1=" " ind2=" ">
    <subfield code="a">1a ed.</subfield>
  </datafield>
  <datafield tag="260" ind1=" " ind2=" ">
    <subfield code="a">CINISELLO BALSAMO (MI)</subfield>
    <subfield code="b">PERIODICI SAN PAOLO ED. </subfield>
    <subfield code="c">2003 [1&#xB0; Ed.:2003 - Ed.Ling.Originale: 2003]</subfield>
  </datafield>
  <datafield tag="300" ind1=" " ind2=" ">
    <subfield code="a">130 p. </subfield>
  </datafield>
  <datafield tag="310" ind1=" " ind2=" ">
    <subfield code="a">MENSILE</subfield>
  </datafield>
  <datafield tag="362" ind1=" " ind2=" ">
    <subfield code="a">Fascicolo: 595 / Anno: 58 (2003)</subfield>
  </datafield>
  <datafield tag="500" ind1=" " ind2=" ">
    <subfield code="a">I MILLE VOLTI DELLA PAURA. INTERVISTA. CICALA R. DI INTERLINEA. IL FENOMENO BOOK CROSSING. DOPO LA PASSIONE POLITICA. LA SCRITTURA SECONDO BEMBO. RECENSIONI. SAGGI CINEMA. LA SOLIDARIET&#xC0; SI IMPARA IN CLASSE. CLEMENTE M. G. UN INEDITO DIALOGO. DONATI A. LA LINGUA DEL PASSATO PARLA AL FUTURO. MARAZZINI C. PADRE EYMERICH DAL MEDITERRANEO CON FURORE. LIPPI G. CANOVA G. PROVA A PRENDERMI SI S. SPIELBERG. TEATRO DI C. M. MULTIMEDIA. DAL MONDO. DOSSIER. STRETTO LEGAME TRA CINEMA E TV. </subfield>
  </datafield>
  <datafield tag="501" ind1=" " ind2=" ">
    <subfield code="a">Societ&#xE0; San Paolo EM - Piazza San Paolo, 14 - 12051 ALBA (CN)  (non commercial uses only) &#xAE; Copyright 2017</subfield>
  </datafield>
  <datafield tag="520" ind1=" " ind2=" ">
    <subfield code="a">I MILLE VOLTI DELLA PAURA. INTERVISTA. CICALA R. DI INTERLINEA. IL FENOMENO BOOK CROSSING. DOPO LA PASSIONE POLITICA. LA SCRITTURA SECONDO BEMBO. RECENSIONI. SAGGI CINEMA. LA SOLIDARIET&#xC0; SI IMPARA IN CLASSE. CLEMENTE M. G. UN INEDITO DIALOGO. DONATI A. LA LINGUA DEL PASSATO PARLA AL FUTURO. MARAZZINI C. PADRE EYMERICH DAL MEDITERRANEO CON FURORE. LIPPI G. CANOVA G. PROVA A PRENDERMI SI S. SPIELBERG. TEATRO DI C. M. MULTIMEDIA. DAL MONDO. DOSSIER. STRETTO LEGAME TRA CINEMA E TV. </subfield>
  </datafield>
  <datafield tag="650" ind1=" " ind2=" ">
    <subfield code="a">STUDI E RASSEGNE</subfield>
  </datafield>
  <datafield tag="942" ind1=" " ind2=" ">
    <subfield code="c">CR</subfield>
  </datafield>
  <datafield tag="957" ind1=" " ind2=" ">
    <subfield code="7">1</subfield>
  </datafield>
  <datafield tag="999" ind1=" " ind2=" ">
    <subfield code="a">75824</subfield>
    <subfield code="b">NO</subfield>
    <subfield code="g">1</subfield>
    <subfield code="c">334497</subfield>
    <subfield code="d">334497</subfield>
  </datafield>
  <datafield tag="952" ind1=" " ind2=" ">
    <subfield code="0">0</subfield>
    <subfield code="1">0</subfield>
    <subfield code="4">0</subfield>
    <subfield code="6">R_050S6264</subfield>
    <subfield code="7">1</subfield>
    <subfield code="a">ALBA</subfield>
    <subfield code="b">ALBA</subfield>
    <subfield code="d">2017-01-16</subfield>
    <subfield code="l">0</subfield>
    <subfield code="o">R050-S6264</subfield>
    <subfield code="r">2017-01-16 00:00:00</subfield>
    <subfield code="w">2017-01-16</subfield>
    <subfield code="y">CR</subfield>
    <subfield code="z">(data import: 16 gennaio 2017) - By Epidotti, Vaglietti. </subfield>
  </datafield>
</record>
